Influencia sociopolítica en la educación Pasto 1876-1886 / (Registro nro. 31073)
[ vista simple ]
| 000 -LEADER | |
|---|---|
| fixed length control field | 00845nam a22002417a 4500 |
| 003 - CONTROL NUMBER IDENTIFIER | |
| control field | OSt |
| 005 - DATE AND TIME OF LATEST TRANSACTION | |
| control field | 20250911114623.0 |
| 008 - FIXED-LENGTH DATA ELEMENTS--GENERAL INFORMATION | |
| fixed length control field | 250911t |||ad||| |||| 00| 0 spa d |
| 037 ## - SOURCE OF ACQUISITION | |
| Source of stock number/acquisition | Donación |
| 040 ## - CATALOGING SOURCE | |
| Original cataloging agency | CO-JMCR |
| Language of cataloging | spa |
| Transcribing agency | CO-JMCR |
| Modifying agency | CO-JMCR |
| Description conventions | rda |
| 041 0# - LANGUAGE CODE | |
| Language code of text/sound track or separate title | spa |
| 082 04 - DEWEY DECIMAL CLASSIFICATION NUMBER | |
| Edition number | 23 |
| Classification number | 320.5 |
| Item number | P43i |
| 100 1# - MAIN ENTRY--PERSONAL NAME | |
| Personal name | Pérez, Cordoba, Susana, |
| Relator term | autora. |
| 9 (RLIN) | 44306 |
| 245 10 - TITLE STATEMENT | |
| Title | Influencia sociopolítica en la educación Pasto 1876-1886 / |
| Statement of responsibility, etc. | Susana Pérez Cordoba, Elvia Quintero Guerrero. |
| 250 ## - EDITION STATEMENT | |
| Edition statement | 1° edición. |
| 264 ## - PRODUCTION, PUBLICATION, DISTRIBUTION, MANUFACTURE, AND COPYRIGHT NOTICE | |
| Place of production, publication, distribution, manufacture | San juan de Pasto: |
| Name of producer, publisher, distributor, manufacturer | Graficolor, |
| Date of production, publication, distribution, manufacture, or copyright notice | 1999. |
| 300 ## - PHYSICAL DESCRIPTION | |
| Extent | 159 páginas : |
| Other physical details | Ilustraciones, gráficos ; |
| Dimensions | 21 cm. |
| 504 ## - BIBLIOGRAPHY, ETC. NOTE | |
| Bibliography, etc. note | Contiene bibliografía (página 157) |
| 650 24 - SUBJECT ADDED ENTRY--TOPICAL TERM | |
| Source of heading or term | JMCR |
| Topical term or geographic name entry element | Ideologías políticas |
| 650 24 - SUBJECT ADDED ENTRY--TOPICAL TERM | |
| Source of heading or term | JMCR |
| Topical term or geographic name entry element | Sociopolítica |
| 9 (RLIN) | 44307 |
| 700 1# - ADDED ENTRY--PERSONAL NAME | |
| Personal name | Quintero Guerrero, Elvia, |
| Relator term | autora. |
| 9 (RLIN) | 44308 |
| 942 ## - ADDED ENTRY ELEMENTS (KOHA) | |
| Source of classification or shelving scheme | Dewey Decimal Classification |
| Koha item type | Books |
| Withdrawn status | Lost status | Source of classification or shelving scheme | Damaged status | Not for loan | Collection code | Home library | Current library | Shelving location | Date acquired | Source of acquisition | Total Checkouts | Full call number | Barcode | Date last seen | Copy number | Price effective from | Koha item type |
|---|---|---|---|---|---|---|---|---|---|---|---|---|---|---|---|---|---|
| Dewey Decimal Classification | Non-fiction | Biblioteca Pública José María del Castillo y Rada | Biblioteca Pública José María del Castillo y Rada | Book Cart | 10/06/2023 | Donación | 320.5 P43i | 201812034 | 09/11/2025 | Ej.1 | 09/11/2025 | Books |